Recursos de la Tierra : origen, uso e impacto ambiental /
Contenido: 1) Minerales: los cimientos de la sociedad; 2) Tectónica de placas y origen de los recursos; 3) Los recursos de la Tierra a lo largo de la historia; 4) El impacto ambiental de la explotación y uso de los recursos; 5) La energía procedente de los combustibles fósiles; 6) Energía para el fu...
Gespeichert in:
| 1. Verfasser: | |
|---|---|
| Weitere Verfasser: | , |
| Format: | Buch |
| Sprache: | Spanisch |
| Veröffentlicht: |
Madrid, España :
Pearson : Prentice-Hall,
2006, c2006
|
| Schlagworte: | |
| Tags: |
Keine Tags, Fügen Sie das erste Tag hinzu!
|
MARC
| LEADER | 00000nam^a2200000^a^4500 | ||
|---|---|---|---|
| 001 | 000305687 | ||
| 005 | 20250521000000.0 | ||
| 009 | 20260310112755.527 | ||
| 020 | |a 84-205-5032-9 | ||
| 020 | |a 978-84-205-5032-9 | ||
| 037 | |a Acervo ITESO - Biblioteca | ||
| 041 | |a ESP | ||
| 082 | |a 333. 7 |b CRA | ||
| 100 | |a Craig, James R. |e (autor) | ||
| 245 | 1 | 0 | |a Recursos de la Tierra : |b origen, uso e impacto ambiental / |c J.R. Craig, D.J. Vaughan, B.J. Skinner ; tr. por Benjamín Calvo Pérez... [et al.]. |
| 264 | 4 | |a Madrid, España : |b Pearson : |b Prentice-Hall, |c 2006, c2006 | |
| 300 | |a XII, 636 p. | ||
| 336 | |a texto |b txt |2 rdacontenido | ||
| 337 | |a sin mediación |b n |2 rdamedio | ||
| 338 | |a volumen |b nc |2 rdasoporte | ||
| 500 | |a Traducción de: Resources of the Earth: Origin, Use and Environmental Impact | ||
| 520 | |a Contenido: 1) Minerales: los cimientos de la sociedad; 2) Tectónica de placas y origen de los recursos; 3) Los recursos de la Tierra a lo largo de la historia; 4) El impacto ambiental de la explotación y uso de los recursos; 5) La energía procedente de los combustibles fósiles; 6) Energía para el futuro, energía nuclear y otras alternativas posibles; 7) Los metales abundantes; 8) Metales geoquímicamente escasos; 9) Minerales para fertilizantes y productos químicos; 10) Materiales de construcción y otros minerales industriales; 11) Recursos del agua; 12) El suelo como recurso; 13) Los recursos del futuro; 14) Los recursos geológicos de España. | ||
| 521 | |a 2013 BO Maestría en Proyectos y Edificación Sustentables | ||
| 590 | |a Traducción de la 3a edición en inglés | ||
| 649 | |a XX | ||
| 650 | |a Impacto Ambiental - |x Tema Principal | ||
| 650 | |a Recursos Minerales | ||
| 650 | |a Recursos Energéticos | ||
| 650 | |a Recursos Naturales - |x Tema Principal | ||
| 650 | |a Medio Ambiente | ||
| 650 | |a Economía | ||
| 700 | |a Vaughan, David J. |e (autor) | ||
| 700 | |a Skinner, Brian J. |e (autor) | ||
| 910 | |a Fondo General | ||
| 920 | |a Impresos - Libros | ||
| 930 | |a Colección General | ||
| 905 | |a 101 | ||
| 901 | |a 0500191849 |b IT1 |c ACC |i C125674 |u 20250521 | ||
| 901 | |a 0500221574 |b IT1 |c ACC |i C137163 |u 20250521 | ||
| 902 | |a https://opac.biblio.iteso.mx/vufind/Record/000305687 | ||